000
00287nam a22001217a 4500
082
_a
920
_b
WEB/G
100
_a
WEBER,THOMAS
245
_a
GANDHI
_b
AS DISCIPLE AND MENTOR
260
_a
NEW DELHI
_b
CAMBRIDGE UNIVERSITY PRESS
300
_a
279
650
_a
LIFE OF GANDHI
_z
INDIA
942
_c
BK
999
_c
5739
_d
5739